Teoría de la sociedad y pedagogía/ (Registro nro. 8764)

Detalles MARC
000 -LEADER
fixed length control field 00861nam a2200205Ia 4500
005 - FECHA Y HORA DE LA ÚLTIMA TRANSACCIÓN
control field 20230726150913.0
008 - FIXED-LENGTH DATA ELEMENTS--GENERAL INFORMATION
fixed length control field 230725s9999 xx 000 0 und d
020 ## - INTERNATIONAL STANDARD BOOK NUMBER
International Standard Book Number 84-493-0216-1
040 ## - CATALOGING SOURCE
Original cataloging agency UPAN
Transcribing agency Biblioteca San Vicente
Description conventions RCAA2
041 ## - LANGUAGE CODE
Language code of text/sound track or separate title spa
082 ## - DEWEY DECIMAL CLASSIFICATION NUMBER
Classification number 371.3
Item number L486t
año de publicación 1996
100 ## - MAIN ENTRY--PERSONAL NAME
Personal name Luhmann, Niklas
Relator code aut.
245 #0 - TITLE STATEMENT
Title Teoría de la sociedad y pedagogía/
Statement of responsibility, etc Niklas Luhman; Carlos Fortea
250 ## - EDITION STATEMENT
Edition statement 1ª ed.
260 ## - PUBLICATION, DISTRIBUTION, ETC. (IMPRINT)
Place of publication, distribution, etc España:
Name of publisher, distributor, etc Paidós,
Date of publication, distribution, etc 1996
300 ## - PHYSICAL DESCRIPTION
Extent 158 p.;
Dimensions 22 cm.
505 ## - FORMATTED CONTENTS NOTE
Formatted contents note Introducción: El laberinto de la teoría de la sociedad<br/>La homogeneización del comienzo: sobre la diferenciación de la educación escolar<br/>El déficit tecnológico de la educación en la pedagogía <br/>Los sistemas comprenden a los sistemas<br/>Sistemas e intención de la educación
650 ## - SUBJECT ADDED ENTRY--TOPICAL TERM
Source of heading or term LEMB
Form subdivision Sociedad
General subdivision Pedagogía
942 ## - ADDED ENTRY ELEMENTS (KOHA)
Koha item type Libros
Source of classification or shelving scheme Dewey Decimal Classification
Existencias
Withdrawn status Lost status Source of classification or shelving scheme Damaged status Not for loan Collection code Home library Current library Date acquired Total Checkouts Full call number Barcode Date last seen Copy number Price effective from Koha item type
    Dewey Decimal Classification     Colección General Biblioteca UPAN San Vicente Biblioteca UPAN San Vicente 25/07/2023   371.3 L486t 12001337 25/07/2023 01 25/07/2023 Libros
    Dewey Decimal Classification     Colección General Biblioteca UPAN San Vicente Biblioteca UPAN San Vicente 26/07/2023   371.3 L486t 12001336 26/07/2023 02 26/07/2023 Libros
    Dewey Decimal Classification     Colección General Biblioteca UPAN San Vicente Biblioteca UPAN San Vicente 26/07/2023   371.3 L486t 12003899 26/07/2023 03 26/07/2023 Libros
    Dewey Decimal Classification     Colección General Biblioteca UPAN San Vicente Biblioteca UPAN San Vicente 26/07/2023   371.3 L486t 12003900 26/07/2023 04 26/07/2023 Libros
    Dewey Decimal Classification     Colección General Biblioteca UPAN San Vicente Biblioteca UPAN San Vicente 26/07/2023   371.3 L486t 12003901 26/07/2023 05 26/07/2023 Libros